000 01214nam a22002657i 4500
999 _c23602
_d23602
003 AR-CdUCM
008 260417b20182018mx d|||| |||| 00| 0 spa d
020 _a978-607-526-669-5
040 _aMUNICIPALIDAD PROVINCIAL DEL CUSCO
_cBIBLIOTECA MUNICIPAL DEL CUSCO
041 _hspa
082 _210ª Ed.
_a530
_bS42 / Vol. 1
100 _aSerway, Raymond A. - Jewett Jr., John W.
_952569
245 _aFísica para Ciencias e Ingeniería, Volumen 1 /
260 _aMéxico :
_bCengage Learning
_c2018
300 _a642 páginas. :
_c27x21 cm.
505 _aFísica y medición -- Las leyes del movimiento -- Energía de un sistema -- Movimiento de proyectil -- Concepto de fuerza -- Masa -- Energía de un sistema -- Potencia -- Colisiones en una dimensión -- Presión -- Calor y energía interna -- Teoría cinética de los gases -- Vol.2. Electricidad y magnetismo -- Luz y óptica -- Potencial eléctrico -- Capacitancia y materiales dieléctricos
650 _aFísica
_92382
650 _aMecánica
_952570
650 _aMovimiento
_91984
650 _aLeyes
_94808
650 _aEnergía
_915841
856 _fhttp://latinoamerica.cengage.com
942 _2ddc
_cLIBROS
945 _aesh
_d17-04-2026